000 01268nam a2200373 4500
001 30559
003 BD-RjUL
005 20211209051600.0
008 140410r19601929nyu 001 0 eng d
035 _a(OCoLC)276562
_a(BD-RjUL)30645
040 _aUkOxU
_beng
_cUkOxU
_dBD-RjUL
041 _aeng
082 0 4 _a191
_bDEQ 1960
100 1 _aDewey, John,
_d1859-1952.
_92752
245 1 4 _aThe quest for certainty :
_ba study of the relation of knowledge and action /
_cby John Dewey
260 _aNew York :
_bPutnam,
_c1960.
300 _a318 p. ;
_c19 cm.
490 1 _aCapricorn books ;
_v28
490 1 _aGifford lectures ;
_v1929
500 _a"A Putnam Capricorn book"
500 _a"Based on the Gifford lectures delivered by Dewey at the University of Edinburgh in the spring of 1929". -Rear cover
500 _aOriginally published: New York : Minton, Balch, 1929
504 _aIncludes index
650 0 _aKnowledge, Theory of
_992843
650 0 _aScience
_xPhilosophy
_992844
650 0 _aThought and thinking
_992845
830 0 _v28
_992868
830 0 _v1929
_992869
710 2 _aUniversity of Edinburgh.
_992848
830 0 _aCapricorn books ;
_992849
830 0 _aGifford lectures ;
_992870
942 _2ddc
_cBK
999 _c30559
_d30559